Desarrollo de un modelo matemático de autopurificación
Guardat en:
| Autor principal: | |
|---|---|
| Format: | Llibre |
| Publicat: |
San José, C.R.
1998
|
| Matèries: | |
| Etiquetes: |
Afegir etiqueta
Sense etiquetes, Sigues el primer a etiquetar aquest registre!
|
MARC
| LEADER | 00000nam a2200000Ia 4500 | ||
|---|---|---|---|
| 003 | 008462 | ||
| 005 | 20221231144224.0 | ||
| 008 | 140114s1998 cr a m 000 ||s d | ||
| 040 | |c cru CEDI | ||
| 090 | |a TFG 3839 | ||
| 100 | |a Vargas Arroyo, Jorge |9 9076 | ||
| 245 | |a Desarrollo de un modelo matemático de autopurificación | ||
| 260 | |c 1998 |a San José, C.R. | ||
| 300 | |a vi, 102, [55] hojas : ilustraciones (algunas a color) | ||
| 500 | |a Proyecto de graduación (licenciatura en ingeniería civil)--Universidad de Costa Rica. Facultad de Ingeniería. Escuela de Ingeniería Civil | ||
| 650 | |x CONTAMINACION DEL AGUA |x INVESTIGACIONES |x AGUAS RESIDUALES |x MODELOS MATEMATICOS |x CALIDAD DEL AGUA |x PURIFICACION DE AGUAS RESIDUALES |x RIO CIRUELAS (COSTA RICA) |9 9077 | ||
| 942 | |c TFG | ||
| 999 | |c 18664 |d 18664 | ||
